<?xml version="1.0" encoding="UTF-8"?>
<record
    xmlns:xsi="http://www.w3.org/2001/XMLSchema-instance"
    xsi:schemaLocation="http://www.loc.gov/MARC21/slim http://www.loc.gov/standards/marcxml/schema/MARC21slim.xsd"
    xmlns="http://www.loc.gov/MARC21/slim">

  <leader>01474nam a2200229Ia 4500</leader>
  <controlfield tag="001">IA_So are wont, development and analyzed the feasibility of carrying out the investment project for the creation of the malting plant in the municipality of Tlaxco, Tlaxcala for the trial of six thousand tons of malt at full capacity, which results obtained show an Internal Rate of Return for the project of 23% and Net Present Value of  96,565,389.00 which indicate that the project is viable, likewise, the investment has a payback period of 5.27 years and a benefit-cost ratio of 1.33. According to the above is determined that the project is economically viable and feasible to develop.</controlfield>
  <controlfield tag="002">ESTUDIO DE FACTIBILIDAD TECNICO-ECONOMICA PARA LA</controlfield>
  <controlfield tag="008">220117s    xx            000 0 und d</controlfield>
  <datafield tag="010" ind1=" " ind2=" ">
    <subfield code="a">184513</subfield>
  </datafield>
  <datafield tag="530" ind1=" " ind2=" ">
    <subfield code="a">Disponible en PDF</subfield>
  </datafield>
  <datafield tag="583" ind1=" " ind2=" ">
    <subfield code="a">1 ej. imp. ; 2 ej. CD</subfield>
  </datafield>
  <datafield tag="650" ind1=" " ind2="0">
    <subfield code="a">Cebada cervecera</subfield>
    <subfield code="x">Industria y comercio</subfield>
    <subfield code="z">M&#xE9;xico</subfield>
    <subfield code="z">Tlaxcala  </subfield>
    <subfield code="9">157188</subfield>
  </datafield>
  <datafield tag="650" ind1=" " ind2="0">
    <subfield code="a">Entrepreneurship</subfield>
    <subfield code="z">Mexico</subfield>
    <subfield code="z">Tlaxcala</subfield>
    <subfield code="9">157189</subfield>
  </datafield>
  <datafield tag="650" ind1=" " ind2="0">
    <subfield code="a">Iniciativa empresarial</subfield>
    <subfield code="z">M&#xE9;xico</subfield>
    <subfield code="z">Tlaxcala  </subfield>
    <subfield code="9">157190</subfield>
  </datafield>
  <datafield tag="650" ind1=" " ind2="0">
    <subfield code="a">Malting barley</subfield>
    <subfield code="x">Industry and trade</subfield>
    <subfield code="z">Mexico</subfield>
    <subfield code="z">Tlaxcala  </subfield>
    <subfield code="9">157191</subfield>
  </datafield>
  <datafield tag="700" ind1=" " ind2=" ">
    <subfield code="a">Altamirano C&#xE1;rdenas, J. Reyes, dir. </subfield>
    <subfield code="9">157192</subfield>
  </datafield>
  <datafield tag="700" ind1=" " ind2=" ">
    <subfield code="a">S&#xE1;nchez Gonz&#xE1;lez, Ricardo, coaut. </subfield>
    <subfield code="9">157193</subfield>
  </datafield>
  <datafield tag="700" ind1=" " ind2=" ">
    <subfield code="a">Sandoval Romero, Ferm&#xED;n, asesor</subfield>
    <subfield code="9">163717</subfield>
  </datafield>
  <datafield tag="700" ind1=" " ind2=" ">
    <subfield code="a">Santoyo Cort&#xE9;s, V. Horacio, asesor </subfield>
    <subfield code="9">163718</subfield>
  </datafield>
  <datafield tag="942" ind1=" " ind2=" ">
    <subfield code="c">TESIS C47 2012</subfield>
  </datafield>
  <datafield tag="999" ind1=" " ind2=" ">
    <subfield code="c">184513</subfield>
    <subfield code="d">184513</subfield>
  </datafield>
</record>
